000 00675nam a22002177a 4500
003 BUBTL
008 220814b ||||| |||| 00| 0 eng d
020 _a9780194366779
082 _a428.34/ So11n
100 _94612
_aSoars, Liz
245 _aNew Headway English Course: Elementary Student's book/
_cLiz Soars, John Soars
250 _a1st Edn.
260 _aOxford:
_bOxford University Press,
300 _a143 p. :
_bills.;
_c28 cm.
505 _a English language, New Headway, Elementary, Student's book
650 0 _9194
_aEnglish Language
700 _955
_aSoars, John
856 _k0
_l0
_yDownload
942 _2ddc
_cBK
999 _c6768
_d6768